000 nam a22 a 4500
999 _c188486
_d188486
003 BLK
005 20221205163827.0
008 180411b bul|||||r ||||||| ||bul||
010 _aKNG00197504000
040 _aBLK
041 _aBUL
_cBUL
080 _aДетска литература. Литература за деца
_b82-93
_x(075.8)
_z82-93(075.8)
100 1 _aАтанасов, Жечо Господинов
_eпърви автор
_9364564
139 _aХристоматия по детска литература за институтите за начални учители
_bХ 83
245 1 0 _aХристоматия по детска литература за институтите за начални учители
_cЖечо Господинов Атанасов
257 _aBGR
260 _aСофия
_bНар. просв.
_c1979
_fВ. Търново : Д. Найденов
300 _a415 с.
_bс портр.
_c22 см
380 _a82
500 _aДруги авт. : Георги Веселинов, Надежда Ковачева, Тодор Янчев.
650 4 _aЛитература, детска - учебници
_9287014
653 7 _9200246
_aхристоматии
852 _aЦб 102620
_bЦб
856 4 _qpdf
_i0.00
_ldisable
942 _cKNG
_n0
_s1
944 _aCR
_c06.12.2016
_kНора_Радева
944 _aED
_c06.12.2016
_kНора_Радева